Akibat suka menipu

Bibliographic Details
Main Author: Alia Sarah Amir
Format: Book
Published: Selangor : Eagle Publications sdn.bhd , 2007
Series:siri cerita mudah
Subjects:

MARC

LEADER 00000cam a2200000 7i4500
001 0000067988
005 20220105104233.0
008 161114
020 |a 9789833537532 
090 0 0 |a J   |b MAL 
100 0 |a Alia Sarah Amir 
245 1 0 |a Akibat suka menipu   |c Alia Sarah Amir 
260 |a Selangor :   |b Eagle Publications sdn.bhd ,   |c 2007 
440 |a siri cerita mudah 
500 |a Children age 4-6 years old (yellow) 
650 0 |a Junior preschool   |x English   |x Languages 
999 |a 0000920196   |b Book   |c Children Collection   |e Cawangan Bukit Gambir 
999 |a 0001074601   |b Book   |c Children Collection   |e Cawangan Bandar Penawar 
999 |a 0001074602   |b Book   |c Children Collection   |e Cawangan Taman Universiti 
999 |a 0001129550   |b Book   |c Children Collection   |e Cawangan Bukit Gambir 
999 |a 0001129551   |b Book   |c Children Collection   |e Cawangan Pontian 
999 |a 0001129552   |b Book   |c Children Collection   |e Cawangan Tangkak